| 000 | 01277nam a2200313 i 4500 | ||
|---|---|---|---|
| 003 | EG-GICUC | ||
| 005 | 20260121101326.0 | ||
| 008 | 251120s1963 ua ||||fr|||| 001 0 ara d | ||
| 040 |
_a EG-GICUC _bara _c EG-GICUC _d EG-GICUC _erda |
||
| 041 | _aara | ||
| 082 | 0 | 4 |
_a343.411 _bم ح . ج _221 |
| 092 | 0 | 4 | _221 |
| 099 | _aLaw1 10 343.411 م ح . ج 1 ed - 1963 1006130 | ||
| 100 | 0 |
_aمحمود محمود مصطفى. _eمؤلف. |
|
| 245 | 1 | 2 |
_aالجرائم الاقتصادية في القانون المقارن. _nالجزء الأول، _pالأحكام العامة والإجراءات الجنائية / _cتأليف الدكتور محمود محمود مصطفى. |
| 250 | _aالطبعة الأولى، | ||
| 264 | 1 |
_aالقاهرة : _bدار ومطابع الشعب، _c1963. |
|
| 300 |
_a256 صفحة ؛ _c24 سم. |
||
| 336 |
_2rda content _atext |
||
| 337 |
_2rda media _aComputer |
||
| 338 |
_2rda carrier _aOnline Resource |
||
| 504 | _aيشتمل على ارجاعات ببليوجرافية. | ||
| 546 | _aالنص باللغة العربية | ||
| 650 | 1 |
_aقانون العقوبات الإقتصادي. _2qrmak |
|
| 651 | 1 | _2qrmak | |
| 856 | 4 | 0 | _uhttps://fll.law.cu.edu.eg/fulltext/bks/B10-06130.pdf |
| 905 | _a18 | ||
| 942 |
_2ddc _n0 _cBK _e21 |
||
| 999 |
_c44984 _d44984 |
||